War in Roman myth and legend / (Record no. 1742)

MARC details
000 -LEADER
fixed length control field 03017cam a22004217i 4500
001 - CONTROL NUMBER
control field data
005 - DATE AND TIME OF LATEST TRANSACTION
control field 20260322212115.0
008 - FIXED-LENGTH DATA ELEMENTS--GENERAL INFORMATION
fixed length control field data
035 ## - SYSTEM CONTROL NUMBER
System control number 22545030
010 ## - LIBRARY OF CONGRESS CONTROL NUMBER
LC control number 2020415938
015 ## - NATIONAL BIBLIOGRAPHY NUMBER
National bibliography number GBC0F5515
Source bnb
016 7# - NATIONAL BIBLIOGRAPHIC AGENCY CONTROL NUMBER
Record control number 019972292
Source Uk
020 ## - INTERNATIONAL STANDARD BOOK NUMBER
International Standard Book Number 9781526766120
Qualifying information (hardcover)
020 ## - INTERNATIONAL STANDARD BOOK NUMBER
International Standard Book Number 1526766124
Qualifying information (hardcover)
035 ## - SYSTEM CONTROL NUMBER
System control number (OCoLC)1137736126
040 ## - CATALOGING SOURCE
Original cataloging agency YDX
Language of cataloging eng
Transcribing agency YDX
Description conventions rda
Modifying agency DLC
-- OCLCQ
-- UKMGB
-- OCLCO
-- OCLCF
-- YDXIT
-- CNTAB
-- OCLCQ
-- DLC
042 ## - AUTHENTICATION CODE
Authentication code lccopycat
050 00 - LIBRARY OF CONGRESS CALL NUMBER
Classification number BL803
Item number .C47 2020
082 04 - DEWEY DECIMAL CLASSIFICATION NUMBER
Classification number 398.27810937
Edition information 23
100 1# - MAIN ENTRY--PERSONAL NAME
Personal name Chrystal, Paul,
Relator term author.
245 10 - TITLE STATEMENT
Title War in Roman myth and legend /
Statement of responsibility, etc. Paul Chrystal.
264 #1 - PRODUCTION, PUBLICATION, DISTRIBUTION, MANUFACTURE, AND COPYRIGHT NOTICE
Place of production, publication, distribution, manufacture Philadelphia :
-- Philadelphia :
Name of producer, publisher, distributor, manufacturer Pen & Sword Military,
Date of production, publication, distribution, manufacture, or copyright notice 2020.
300 ## - PHYSICAL DESCRIPTION
Extent xxi, 231 pages, 16 unnumbered pages of plates :
Other physical details color illustrations, maps ;
Dimensions 24 cm
336 ## - CONTENT TYPE
Content type term text
Content type code txt
Source rdacontent
337 ## - MEDIA TYPE
Media type term unmediated
Media type code n
Source rdamedia
338 ## - CARRIER TYPE
Carrier type term volume
Carrier type code nc
Source rdacarrier
504 ## - BIBLIOGRAPHY, ETC. NOTE
Bibliography, etc. note Includes bibliographical references and index.
505 2# - FORMATTED CONTENTS NOTE
Formatted contents note Interpretatio Romana -- 'Translating' the Greek and the Beginnings of Roman History -- The Gods of War -- Wall-to-Wall War & the Fetiales -- The Aeneas Foundation Myth: From Troy to Italy -- The Aeneas Foundation Myth: The Italian Wars -- The Romulus and Remus Foundation Myth -- Abduction, Rape and Murdering Your Daughter -- All in the Name of History -- Warlike Women in Roman Epic -- Trojan Heroes -- Horace and Propertius -- Ovid -- The Theban Legion Massacre 286 CE: Myth or History -- The View from the Bridge: The Vision of Constantine
520 ## - SUMMARY, ETC.
Summary, etc. This book redresses the relative lack of work published on the role of war in classical myth and legend. At the same time it debunks the popular view that the Romans had little mythology of their own and idly borrowed and adapted Greek myth to suit their own ends. While this true to some extent, War in Roman Myth & Legend clearly demonstrates a rich and meaningful independent mythology at work in Roman culture. The book opens by addressing how the Romans did adopt and adapt Greek myths to fashion the beginnings of Roman history; it goes on to discuss the Roman gods of war and the ubiquity of war in Roman society and politics and how this was reflected in the Aeneas Foundation Myth, the Romulus and Remus Foundation Myth and the legends associated with the founding of Rome. Warlike Women in Roman Epic and Trojan heroes are discussed next and the use of mythology by Roman poets other than Virgil. The Theban Legion and the vision of Constantine myths conclude the book.
650 #0 - SUBJECT ADDED ENTRY--TOPICAL TERM
Topical term or geographic name entry element Mythology, Roman.
650 #0 - SUBJECT ADDED ENTRY--TOPICAL TERM
Topical term or geographic name entry element War
General subdivision Mythology.
650 #7 - SUBJECT ADDED ENTRY--TOPICAL TERM
Topical term or geographic name entry element Mythology, Roman.
Source of heading or term fast
Authority record control number or standard number (OCoLC)fst01031887
650 #7 - SUBJECT ADDED ENTRY--TOPICAL TERM
Topical term or geographic name entry element War
General subdivision Mythology.
Source of heading or term fast
Authority record control number or standard number (OCoLC)fst01170355
906 ## - LOCAL DATA ELEMENT F, LDF (RLIN)
a 7
b cbc
c copycat
d 3
e ncip
f 20
g y-gencatlg
925 0# -
-- acquire
-- 1 shelf copy
-- policy default
923 ## -
-- purchase
-- 20220525
-- I-2184394
-- ProQuest
Holdings
Withdrawn status Lost status Damaged status Not for loan Home library Current library Shelving location Date acquired Total checkouts Full call number Barcode Date last seen Price effective from Koha item type
        Fairview Fairview General stacks 22/03/2026   398.27810937 LOC-FPL-00027 22/03/2026 22/03/2026 Books